Guess the Taylor Swift Song (no hints) 124 - Statistics

General Stats
  • This quiz has been taken 100 times
  • The average score is 231 of 342
Answer Stats
Answer % Correct
I,
100%
I
100%
me
100%
you
100%
your
100%
a
98%
It
98%
it
98%
my
98%
The
98%
the
98%
to
97%
and
95%
And
95%
on
95%
On
95%
that
95%
You're
95%
I'm
94%
in
92%
is
92%
it's
92%
like
90%
This
90%
this
90%
so
89%
love
87%
Then
86%
I'll
84%
not
84%
time
84%
was
84%
all
83%
say
83%
last
81%
see
81%
were
81%
but
79%
of
79%
now
78%
want
78%
just
75%
are
73%
at
73%
can't
73%
could
73%
'Cause
71%
Oh,
68%
have
67%
never
63%
how
62%
didn't
59%
here
56%
back
54%
down
54%
everything
54%
Everything
54%
nothing
54%
come
52%
thought
52%
couldn't
48%
gonna
46%
still
46%
took
44%
again
43%
wasn't
43%
way
43%
always
41%
baby
41%
Feels
41%
home
41%
home,
41%
keep
38%
bad
35%
away
33%
side
33%
There's
32%
Lost
30%
much
30%
rain
30%
scared
30%
Bye,
29%
bye,
29%
hands
29%
through
29%
we'd
29%
movie
27%
guess
25%
Guess
25%
try
25%
clothes,
24%
drive
24%
sympathy
24%
touch
24%
ends
22%
skin
22%
driving
21%
enough
21%
part
21%
picture
21%
soak
21%
becoming
19%
empty
19%
pages
19%
past
19%
slipping
19%
dash
17%
dresser,
17%
frame
17%
gray
17%
sure
17%
vacant
17%
writing
17%
doubted
16%
fray
16%
hesitation
16%
floods
14%
grab
14%
No matching quizzes found
Score Distribution
Percent of People with Each Score
Percentile by Number Answered
Your Score History
You have not taken this quiz